000 01056nam a2200217Ia 4500
003 Ost
005 20260507075519.0
008 260507s9999||||xx |||||||||||||| ||und||
040 _cfsecg
041 _aara
082 _a330.122
100 _aنوربيرغ، يوهان
_eمؤلف
245 0 _aدفاعا عن الرأسمالية العالمية /
_c يوهان نوربيرغ
260 _aبيروت:
_bالأهلية للنشر والتوزيع,
_c2007
300 _a328 صفحة؛
_bإيضاحات ؛
_c22 سم
504 _aببليوغرافيا:ص ص.307-328
520 _aالحد من الفقر،التعليم،الديمقراطية،الصين،الهند،لامساواة عالمية،النمو،حقوق الملكية،معجزة شرق آسيا،التجارة الحرة هي تجارة عادلة،تطور البلدان النامية،سباق نحو القمة،رأسمال عالمي غير عقلاني
653 _aالرأسمالية
700 _aقباعة، نور
_eمؤلف ثانوي
942 _cكتاب
999 _c44766
_d44766